| 000 | 00710cam a22002413a 4500 | ||
|---|---|---|---|
| 001 | 5185 | ||
| 003 | PGUSA | ||
| 005 | 20140828083114.0 | ||
| 008 | 040201s2004||||xxu|||||s|||||000 p eng d | ||
| 040 |
_aPGUSA _beng |
||
| 042 | _adc | ||
| 050 | 4 | _aPH | |
| 245 | 1 | 0 |
_aKalevala : _bthe Epic Poem of Finland — Volume 02 _h[electronic resource] |
| 260 |
_bProject Gutenberg, _c2004 |
||
| 506 | _aPublic domain in the USA. | ||
| 516 | _aElectronic text | ||
| 653 | _aFinnish poetry -- Translations into English | ||
| 700 | 1 |
_aCrawford, John Martin, _d1845-1916 |
|
| 700 | 1 |
_aLönnrot, Elias, _d1802-1884 |
|
| 830 | 0 |
_aProject Gutenberg _v5185 |
|
| 856 | 4 | 0 | _uhttp://www.gutenberg.org/ebooks/5185 |
| 942 | _cEB | ||
| 999 |
_c234514 _d234514 |
||